<?xml version="1.0" encoding="UTF-8"?><?xml-stylesheet type="text/xsl" href="static/style.xsl"?><OAI-PMH xmlns="http://www.openarchives.org/OAI/2.0/" xmlns:xsi="http://www.w3.org/2001/XMLSchema-instance" xsi:schemaLocation="http://www.openarchives.org/OAI/2.0/ http://www.openarchives.org/OAI/2.0/OAI-PMH.xsd"><responseDate>2026-04-14T08:04:45Z</responseDate><request verb="GetRecord" identifier="oai:www.recercat.cat:20.500.12327/4673" metadataPrefix="marc">https://recercat.cat/oai/request</request><GetRecord><record><header><identifier>oai:recercat.cat:20.500.12327/4673</identifier><datestamp>2025-10-22T11:05:11Z</datestamp><setSpec>com_2072_4428</setSpec><setSpec>com_2072_4427</setSpec><setSpec>col_2072_487898</setSpec></header><metadata><record xmlns="http://www.loc.gov/MARC21/slim" xmlns:dcterms="http://purl.org/dc/terms/" xmlns:xsi="http://www.w3.org/2001/XMLSchema-instance" xmlns:doc="http://www.lyncode.com/xoai" xsi:schemaLocation="http://www.loc.gov/MARC21/slim http://www.loc.gov/standards/marcxml/schema/MARC21slim.xsd">
   <leader>00925njm 22002777a 4500</leader>
   <datafield ind2=" " ind1=" " tag="042">
      <subfield code="a">dc</subfield>
   </datafield>
   <datafield ind2=" " ind1=" " tag="720">
      <subfield code="a">Torrents-Masoliver, Berta</subfield>
      <subfield code="e">author</subfield>
   </datafield>
   <datafield ind2=" " ind1=" " tag="720">
      <subfield code="a">Serra Castelló, Cristina</subfield>
      <subfield code="e">author</subfield>
   </datafield>
   <datafield ind2=" " ind1=" " tag="720">
      <subfield code="a">Jofré, Anna</subfield>
      <subfield code="e">author</subfield>
   </datafield>
   <datafield ind2=" " ind1=" " tag="720">
      <subfield code="a">Ribas-Agustí, Albert</subfield>
      <subfield code="e">author</subfield>
   </datafield>
   <datafield ind2=" " ind1=" " tag="720">
      <subfield code="a">Bover-Cid, Sara</subfield>
      <subfield code="e">author</subfield>
   </datafield>
   <datafield ind2=" " ind1=" " tag="260">
      <subfield code="c">2025-06-23</subfield>
   </datafield>
   <datafield ind2=" " ind1=" " tag="520">
      <subfield code="a">This study aimed to collect and meta-analyse data on inactivation of Escherichia coli, Salmonella and Listeria in&#xd;
fruits and vegetables processed by high pressure (HPP) under non-thermal conditions (&lt;45 ◦C). An extensive&#xd;
literature search yielded 55 selected articles, 1633 Log reduction values were extracted and 97 DP (time for 1-log&#xd;
reduction) were estimated. Time for 5-Log reduction (5DP) was also calculated, considering pressure come-up&#xd;
inactivation, shoulder and biphasic behaviour. Pressure and product pH category explained 91–93 % data&#xd;
variability, both being significant fixed effects factors along with microorganism. Random effects (study and&#xd;
strain nested within microorganism) did not improve model fit. A global regression Bigelow-type model for&#xd;
LogDP and Log5DP resulted in a LogDPref and Log5DPref parameter for each pH category and a common zP for all&#xd;
microorganisms. The model’s predictive performance was assessed with 1126 independent Log reduction data.&#xd;
Fail-dangerous predictions occurred in only 20 % of cases for E. coli, 6 % for Salmonella and 10 % for L. monocytogenes,&#xd;
thus confirming the model as a conservative tool for risk assessment, benchmarking and setting HPP&#xd;
parameters to meet a given performance criterion. At 600 MPa, up to 19 min are required to achieve 5-Log&#xd;
reduction of vegetative pathogens in low-acid products, while 3 min and 1.5 min are sufficient for acid and&#xd;
high-acid matrixes, respectively. A user-friendly decision support system prototype integrating the validated&#xd;
model will assist stakeholders in setting and validating HPP conditions that comply with regulatory requirements&#xd;
and ensure food safety in the production of fruit and vegetable-based foods.</subfield>
   </datafield>
   <datafield ind1="8" ind2=" " tag="024">
      <subfield code="a">Torrents-Masoliver, Berta, Cristina Serra-Castelló, Anna Jofré, Albert Ribas-Agustí, and Sara Bover-Cid. 2025. “Towards safer fruit and vegetable products: Global meta-regression modelling vegetative pathogen inactivation by non-thermal high-pressure processing”. Food Research International, 218: 116912. doi:10.1016/j.foodres.2025.116912.</subfield>
   </datafield>
   <datafield ind1="8" ind2=" " tag="024">
      <subfield code="a">0963-9969</subfield>
   </datafield>
   <datafield ind1="8" ind2=" " tag="024">
      <subfield code="a">http://hdl.handle.net/20.500.12327/4673</subfield>
   </datafield>
   <datafield ind1="8" ind2=" " tag="024">
      <subfield code="a">https://doi.org/10.1016/j.foodres.2025.116912</subfield>
   </datafield>
   <datafield ind2="0" ind1="0" tag="245">
      <subfield code="a">Towards safer fruit and vegetable products: Global meta-regression modelling of vegetative pathogen inactivation by non-thermal high-pressure processing</subfield>
   </datafield>
</record></metadata></record></GetRecord></OAI-PMH>